00225nam a2200097Ia 4500008004100000082001400041100002400055245001600079260002500095365000700120230302s9999 xx 000 0 und d a005.43LIP aLIPPMAN (Stanley.B) aC++ Primer  aNEW DELHIb PEARSON  cRS